Memorias del exilio : la vida cotidiana de los primeros refugiados españoles en México /
Wedi'i Gadw mewn:
| Prif Awdur: | |
|---|---|
| Fformat: | Llyfr |
| Iaith: | Sbaeneg |
| Cyhoeddwyd: |
México :
CONACULTA,
2006, c2006
|
| Cyfres: | (El Guardagujas. Memorias)
|
| Pynciau: | |
| Tagiau: |
Dim Tagiau, Byddwch y cyntaf i dagio'r cofnod hwn!
|
MARC
| LEADER | 00000nam^a2200000^a^4500 | ||
|---|---|---|---|
| 001 | 000302141 | ||
| 005 | 20250521000000.0 | ||
| 009 | 20260310112605.814 | ||
| 020 | |a 970-35-1199-6 | ||
| 020 | |a 978-970-35-1199-0 | ||
| 037 | |a Acervo ITESO - Biblioteca | ||
| 041 | |a ESP | ||
| 082 | |a 304. 872046 |b MED | ||
| 100 | |a Medina-Navascués, Tere |e (autor) | ||
| 240 | 1 | 4 | |a [El México de mis tiempos, 1939-1957] |
| 245 | 1 | 0 | |a Memorias del exilio : |b la vida cotidiana de los primeros refugiados españoles en México / |c T. Medina-Navascués. |
| 264 | 4 | |a México : |b CONACULTA, |c 2006, c2006 | |
| 300 | |a 251 p. | ||
| 336 | |a texto |b txt |2 rdacontenido | ||
| 337 | |a sin mediación |b n |2 rdamedio | ||
| 338 | |a volumen |b nc |2 rdasoporte | ||
| 440 | 3 | |a (El Guardagujas. |p Memorias) | |
| 649 | |a XX | ||
| 650 | |a Exilio Español en México - |x Tema Principal | ||
| 650 | |a Refugiados Políticos Españoles - |x Memorias | ||
| 650 | |a Memorias Españolas | ||
| 650 | |a Literatura Mexicana - |y Siglo XX | ||
| 650 | |a Literatura de Mujeres - |z México | ||
| 650 | |a México - |x Historia - |y 1946-2000 | ||
| 650 | |a México - |x Historia - |y Siglo XX | ||
| 910 | |a Fondo General | ||
| 920 | |a Impresos - Libros | ||
| 930 | |a Colección General | ||
| 905 | |a 101 | ||
| 901 | |a 0500188097 |b IT1 |c ACC |u 20250521 | ||
| 902 | |a https://opac.biblio.iteso.mx/vufind/Record/000302141 | ||